[Event "Mumbai Mayors Cup 1st"]
[Site "Mumbai"]
[Date "2008.05.16"]
[Round "8"]
[White "Thapa, Krishna"]
[Black "Tharak, Charen SK"]
[Result "1-0"]
[WhiteElo "2147"]
[BlackElo "1936"]
[PlyCount "27"]
[EventDate "2008.05.11"]
[EventType "swiss"]
[EventRounds "11"]
[EventCountry "IND"]
[SourceTitle "CBM 124 Extra"]
[Source "ChessBase"]
[SourceDate "2008.07.03"]
[SourceVersion "1"]
[SourceVersionDate "2008.07.03"]
[SourceQuality "1"]

1. d4 Nf6 2. Nf3 g6 3. g3 Bg7 4. Bg2 0-0 5. 0-0 d5 6. c4 c6 7. Nc3 Bf5 8. cxd5 cxd5 9. Qb3 b6 10. Ne5 Ne4 11. Qxd5 Nxc3 12. bxc3 Nd7 13. Nxf7 Qc7 14. Nh6+ 1-0